000
00337 a2200157 4500
001
190518
020
_a
978-0-521-79846-4
040
_c
Magnum
100
_a
Leather, Sue
240
1
0
_a
The big picture
_l
ING
245
1
0
_a
The big picture
300
_a
32
362
0
_a
2001
697
_a
LITERATURA JUVENIL ESTRANGEIRA
942
_c
BK
999
_c
190518
_d
190518